Leyendas españolas
Salvato in:
| Autore principale: | |
|---|---|
| Natura: | Libro |
| Lingua: | spagnolo |
| Pubblicazione: |
Londres
C. y H. Senior, 49 Pall Mall
1840
|
| Edizione: | 1a. ed |
| Soggetti: | |
| Tags: |
Aggiungi Tag
Nessun Tag, puoi essere il primo ad aggiungerne!!
|
MARC
| LEADER | 00000nam a2200000 a 4500 | ||
|---|---|---|---|
| 001 | UCJ5156 | ||
| 003 | CL-VaPUC | ||
| 005 | 20220311164124.0 | ||
| 008 | 070124e18400000UK |||||||||||||||||spa|d | ||
| 999 | |c 321269 |d 321267 | ||
| 040 | |c Pontificia Universidad Católica de Valparaíso | ||
| 082 | 0 | 4 | |a 861 |b MOR |2 21 |
| 100 | |a Mora, José Joaquín de |e autor |9 867128 | ||
| 245 | 1 | 0 | |a Leyendas españolas |
| 246 | 1 | 3 | |a La judía |
| 246 | 1 | 3 | |a La bordadora de Granada |
| 246 | 1 | 4 | |a Una madre |
| 246 | 1 | 3 | |a El boticario de Zamora |
| 246 | 1 | 0 | |a Escena en los tiempos feudales |
| 246 | 1 | 3 | |a La batalla de Fraga |
| 246 | 1 | 3 | |a El bastardo |
| 246 | 1 | 0 | |a Pedro Niño |
| 250 | |a 1a. ed | ||
| 260 | |a Londres |b C. y H. Senior, 49 Pall Mall |c 1840 | ||
| 300 | |a xiv, 470 p | ||
| 500 | |a Front., retrato de Don Alvaro Florez Estrada; ex libris de Pacomio Gómez Solar | ||
| 583 | |a last modification |c 20070124 00:00:00 |k Rodrigo Vera | ||
| 600 | 0 | 7 | |a GOMEZ SOLAR, PACOMIO |2 CL-VaPUC |9 509996 |
| 650 | 0 | |a Poesía española |9 264938 | |
| 650 | 7 | |a LEYENDAS |2 CL-VaPUC |9 265258 | |
| 650 | 0 | |a Crítica literaria |9 269189 | |
| 650 | 7 | |a EX LIBRIS |2 CL-VaPUC |9 505186 | |
| 942 | |c BK |2 ddc | ||
| 945 | |d 20070124 00:00:00 |a rinostro | ||
| 952 | |0 0 |1 0 |4 0 |6 861_000000000000000_MOR_1840 |7 0 |8 X |9 399970 |a FDOBUD |b FDOBUD |d 2019-11-22 |i 1030892 |o 861 MOR 1840 |p 1030892 |r 2019-11-22 |w 2019-11-22 |y BK_X |k BUD | ||